Fishing on ice /

Bibliographic Details
Main Author: Vick, Noel, 1968-
Corporate Author: NetLibrary, Inc
Format: eBook
Language:English
Published: Champaign, Ill. : Human Kinetics, [2000]
Subjects:
Online Access:Connect to the full text of this electronic book

MARC

Tag First Indicator Second Indicator Subfields
LEADER 00000cam a2200000La 4500
001 in00001742021
005 20220105121257.0
006 m u
007 cr cn-
008 001009s2000 ilua s 001 0 eng d
010 |z  99038610  
020 |a 0585237719 (electronic bk.) :  |c $18.95 
020 |z 0880119268 
035 |a (OCoLC)ocm45728092 
040 |a N$T  |c N$T  |d OCL  |d UtOrBLW 
049 |a IKMN 
050 1 4 |a SH455.45  |b .V53 2000eb 
082 0 4 |a 799.1/22  |2 21 
100 1 |a Vick, Noel,  |d 1968-  |0 http://id.loc.gov/authorities/names/n99050656 
245 1 0 |a Fishing on ice /  |c Noel Vick. 
264 1 |a Champaign, Ill. :  |b Human Kinetics,  |c [2000] 
264 4 |c ©2000 
300 |a xi, 250 pages :  |b illustrations ;  |c 23 cm. 
336 |a text  |b txt  |2 rdacontent 
337 |a computer  |b c  |2 rdamedia 
338 |a online resource  |b cr  |2 rdacarrier 
533 |a Electronic reproduction.  |b Boulder, Colo. :  |c NetLibrary,  |d 2000.  |n Available via World Wide Web.  |n Access may be limited to NetLibrary affiliated libraries. 
500 |a Electronic resource. 
650 0 |a Ice fishing.  |0 http://id.loc.gov/authorities/subjects/sh85063996 
650 4 |a Ice fishing. 
655 7 |a Electronic books.  |2 local 
710 2 |a NetLibrary, Inc.  |0 http://id.loc.gov/authorities/names/no99080690 
776 1 |c Original  |w (DLC) 99038610  |w (OCoLC)41892301 
856 4 1 |u https://proxy.library.tamu.edu/login?url=http://www.netLibrary.com/urlapi.asp?action=summary&v=1&bookid=28719  |z Connect to the full text of this electronic book  |t 0 
994 |a 92  |b IKM 
999 |a MARS 
999 f f |s 6b8b34a0-9d70-33ac-b654-44b2397324de  |i acc7717d-ee95-3de3-89e9-7b367afa32d4  |t 0 
952 f f |a Texas A&M University  |b College Station  |c Electronic Resources  |d Available Online  |t 0  |e SH455.45 .V53 2000eb  |h Library of Congress classification 
998 f f |a SH455.45 .V53 2000eb  |t 0  |l Available Online